[Event "Winz- Borbeck 2"]
[Site "?"]
[Date "2023.04.16"]
[Round "7.5"]
[White "Braun, Joshua"]
[Black "Franke, Wolfgang"]
[Result "0-1"]
[WhiteElo "1613"]
[BlackElo "1809"]
[PlyCount "166"]
[SourceDate "2022.10.02"]

1. e4 Nf6 2. Nc3 d5 3. exd5 Nxd5 4. Nxd5 Qxd5 5. Nf3 e5 6. d3 Bg4 7. Be2 f5 8.
h3 Bh5 9. O-O Nc6 10. Nxe5 Bxe2 11. Qxe2 Qe6 12. Re1 Nd4 13. Qd1 O-O-O 14. c3
Nc6 15. Nxc6 Qxc6 16. Bg5 Rd6 17. f3 h6 18. Bf4 Rd8 19. Qe2 g5 20. Bh2 f4 21.
d4 Bd6 22. Qe4 Qb6 23. b4 Kb8 24. a3 a5 25. Rad1 a4 26. Qc2 Qc6 27. c4 Rhe8 28.
b5 Qd7 29. Qxa4 Bf8 30. c5 Rxe1+ 31. Rxe1 Re8 32. Rf1 Bg7 33. Kh1 Qxd4 34. Qxd4
Bxd4 35. Bg1 Bxg1 36. Kxg1 Re2 37. Rb1 Kc8 38. Rb3 Rc2 39. c6 bxc6 40. bxc6
Rxc6 41. Rb2 Rc3 42. Ra2 Kb7 43. Kf1 Re3 44. a4 c5 45. Kf2 Ka6 46. g3 Ka5 47.
gxf4 gxf4 48. Rc2 Kb4 49. a5 Ra3 50. Ke2 c4 51. Rd2 Rxa5 52. Rd6 Rh5 53. Rf6
Rh4 54. Kd2 h5 55. Kc2 Rxh3 56. Rxf4 Rh2+ 57. Kd1 Kc3 58. Rf8 Kd3 59. Rd8+ Ke3
60. f4 Rh4 61. f5 Rf4 62. Rf8 h4 63. f6 Kd3 64. Kc1 Kc3 65. Kd1 h3 66. Rh8 Rxf6
67. Rxh3+ Kb2 68. Rh8 Rd6+ 69. Ke2 Kc2 70. Rc8 c3 71. Ke3 Kb2 72. Rb8+ Kc1 73.
Rc8 Kc2 74. Rc7 Rd3+ 75. Ke2 Rd2+ 76. Ke3 Rh2 77. Rc8 Kb2 78. Rb8+ Kc1 79. Rc8
c2 80. Rd8 Rh3+ 81. Ke2 Rb3 82. Rc8 Rb2 83. Kd3 Kb1 0-1

[Event "Winz- Borbeck 2"]
[Site "?"]
[Date "2023.04.16"]
[Round "7.6"]
[White "Wieschermann, Axel"]
[Black "Kalkhoff, Thomas"]
[Result "0-1"]
[WhiteElo "1642"]
[BlackElo "1887"]
[PlyCount "68"]
[SourceDate "2022.10.02"]

1. d4 d5 2. c4 e6 3. cxd5 exd5 4. Nc3 Nf6 5. Bg5 Be7 6. e3 O-O 7. Bd3 Be6 8.
Nge2 c6 9. O-O Nbd7 10. Rb1 a5 11. a3 Re8 12. b4 axb4 13. axb4 Ra3 14. Qc2 Qa8
15. f3 h6 16. Bh4 Nb6 17. e4 dxe4 18. fxe4 Bc4 19. h3 Bxd3 20. Qxd3 Na4 21. Qc2
Nxc3 22. Nxc3 Qd8 23. Bf2 Nh7 24. Qb2 Ra8 25. b5 Ng5 26. Rfe1 Ne6 27. bxc6 bxc6
28. Ne2 Bh4 29. Rbc1 Bxf2+ 30. Kxf2 Qh4+ 31. Kg1 Qxe4 32. Qc3 Ra2 33. Qxc6 Qxc6
34. Rxc6 Nxd4 0-1

[Event "Winz- Borbeck 2"]
[Site "?"]
[Date "2023.04.16"]
[Round "7.7"]
[White "Kalkhoff, Andreas"]
[Black "Sueßmann, Holger"]
[Result "1-0"]
[WhiteElo "1988"]
[BlackElo "1595"]
[PlyCount "57"]
[SourceDate "2022.10.02"]

1. d4 Nf6 2. Nf3 g6 3. Bf4 Bg7 4. Nbd2 O-O 5. e4 d6 6. c3 c5 7. Bd3 Nbd7 8. O-O
a6 9. a4 cxd4 10. cxd4 b6 11. Qe2 Bb7 12. Rac1 a5 13. Nb1 Nh5 14. Bg5 f6 15.
Bd2 f5 16. exf5 Bxf3 17. Qxf3 e6 18. Qe4 exf5 19. Qd5+ Kh8 20. Qxd6 Nhf6 21.
Nc3 Rc8 22. Nb5 Ne4 23. Rxc8 Qxc8 24. Bxe4 fxe4 25. Rc1 Qe8 26. Be3 Rf6 27. Qd5
Rf5 28. Qb7 Rf8 29. Rc7 1-0

[Event "Winz- Borbeck 2"]
[Site "?"]
[Date "2023.04.16"]
[Round "7.8"]
[White "Kotzem, Ernst"]
[Black "Stenert, Bernd"]
[Result "1-0"]
[WhiteElo "2025"]
[BlackElo "1219"]
[PlyCount "55"]
[SourceDate "2022.10.02"]

1. e4 e5 2. Nf3 Nc6 3. Bc4 Bc5 4. c3 Nf6 5. d4 exd4 6. O-O dxc3 7. Nxc3 d6 8.
Bg5 h6 9. Bxf6 gxf6 10. Nh4 Ne5 11. Be2 c6 12. Kh1 Be6 13. Nf5 Bxf5 14. exf5
Qb6 15. f4 Nd7 16. Bh5 O-O-O 17. Bxf7 Qxb2 18. Na4 Qd4 19. Qc2 Qe3 20. Be6 Kc7
21. Rf3 Qd4 22. Rd1 Qb4 23. Nc3 b5 24. Ne4 d5 25. Nd2 Bb6 26. Bxd5 Qd6 27. Ne4
Qe7 28. Qxc6+ 1-0

[Event "Kupferdreh- Bochum 3"]
[Site "?"]
[Date "2023.04.16"]
[Round "7.1"]
[White "Niekrens, Stefan"]
[Black "Schaefer, Johannes"]
[Result "1-0"]
[WhiteElo "2082"]
[BlackElo "1718"]
[PlyCount "47"]
[SourceDate "2022.10.02"]

1. e4 e5 2. Nf3 Nc6 3. Nc3 Nf6 4. d4 exd4 5. Nxd4 Bb4 6. Nxc6 bxc6 7. Bd3 d5 8.
exd5 O-O 9. O-O cxd5 10. Bg5 c6 11. h3 h6 12. Bh4 Bd6 13. f4 Qb6+ 14. Kh1 Qxb2
15. Bxf6 gxf6 16. Qf3 f5 17. Nxd5 cxd5 18. Qxd5 Bb7 19. Qxd6 Rad8 20. Qxh6 Rxd3
21. Qg5+ Kh8 22. cxd3 f6 23. Qh4+ Kg7 24. Qf2 1-0

[Event "Kupferdreh- Bochum 3"]
[Site "?"]
[Date "2023.04.16"]
[Round "7.2"]
[White "Krimphoff, Ingo"]
[Black "Hofer, Stefan"]
[Result "1-0"]
[WhiteElo "2047"]
[BlackElo "1767"]
[PlyCount "49"]
[SourceDate "2022.10.02"]

1. Nf3 c5 2. c4 g6 3. d4 cxd4 4. Nxd4 Nf6 5. Nc3 Bg7 6. e4 d6 7. Be2 Nc6 8. Nc2
a6 9. O-O O-O 10. Be3 b6 11. f3 e6 12. Qd2 Qc7 13. Rfd1 Rd8 14. Rab1 Rb8 15.
Bf1 Ne5 16. b3 Bb7 17. Nb4 Nc6 18. Na4 Bc8 19. Rbc1 Nxb4 20. Qxb4 Qc6 21. Nxb6
Nxe4 22. fxe4 Qxe4 23. Qd2 Bb7 24. Na4 Be5 25. Qf2 1-0

[Event "Kupferdreh- Bochum 3"]
[Site "?"]
[Date "2023.04.16"]
[Round "7.3"]
[White "Abdullayev, Elchin"]
[Black "Praemaßing, Reiner"]
[Result "0-1"]
[WhiteElo "1886"]
[BlackElo "1850"]
[PlyCount "132"]
[SourceDate "2022.10.02"]

1. d4 Nf6 2. c4 e6 3. Nf3 d5 4. cxd5 exd5 5. Bg5 c6 6. e3 Be7 7. Bd3 O-O 8.
Nbd2 Re8 9. Qc2 Nbd7 10. O-O Nf8 11. Ne5 Ng4 12. Nxg4 Bxg4 13. Bxe7 Rxe7 14.
Nb3 Bh5 15. Rae1 Bg6 16. f4 Bxd3 17. Qxd3 Nd7 18. Rf3 Nf6 19. Qf5 Qd7 20. Qc2
Ne4 21. f5 Qd6 22. Nc5 Nxc5 23. f6 Re4 24. dxc5 Qe6 25. fxg7 Re8 26. Ref1 Re7
27. Rf6 Qg4 28. Qf2 Qxg7 29. Rf3 R4e6 30. b4 Qc3 31. Qg3+ Rg6 32. Qh4 f6 33.
Qf4 Qe5 34. Qh4 Qc3 35. Qf4 Qe5 36. Qh4 Qg5 37. Qh3 Kg7 38. Kh1 Rh6 39. Qc8 Rg6
40. Qh3 Qg4 41. Qxg4 Rxg4 42. a3 Rge4 43. Rxf6 Rxe3 44. a4 Re1 45. Kg1 Rxf1+
46. Rxf1 Re4 47. Rb1 Kf6 48. b5 Rxa4 49. bxc6 bxc6 50. Rb7 Rc4 51. Rxh7 Rxc5
52. Rxa7 Rc2 53. Rd7 Ke6 54. Rd8 Ke7 55. Ra8 d4 56. Ra7+ Ke6 57. Ra1 c5 58. Rd1
Ke5 59. h4 c4 60. h5 d3 61. Kf1 Kf5 62. Ra1 c3 63. Ra5+ Ke4 64. h6 Rc1+ 65. Kf2
d2 66. Ra4+ Kf5 0-1

[Event "Kupferdreh- Bochum 3"]
[Site "?"]
[Date "2023.04.16"]
[Round "7.4"]
[White "Degner, Friedhelm"]
[Black "Candogan, Yavus"]
[Result "1/2-1/2"]
[WhiteElo "1924"]
[BlackElo "1788"]
[PlyCount "97"]
[SourceDate "2022.10.02"]

1. f4 d5 2. e3 Nf6 3. Be2 Nc6 4. d3 e5 5. fxe5 Nxe5 6. Nf3 Bd6 7. Nxe5 Bxe5 8.
Nd2 O-O 9. Nf3 Bd6 10. O-O Re8 11. h3 c6 12. c3 Bc7 13. Qe1 Qd6 14. Qh4 h6 15.
g4 Nh7 16. Qf2 Re7 17. Bd2 Bd7 18. Rae1 h5 19. Nd4 Ng5 20. Qg2 hxg4 21. Bxg4
Bxg4 22. hxg4 g6 23. e4 Ne6 24. Nf5 gxf5 25. gxf5+ Qg3 26. exd5 Qxg2+ 27. Kxg2
Nf4+ 28. Rxf4 Bxf4 29. Rxe7 Bxd2 30. d6 Bf4 31. Rxb7 Bxd6 32. Rd7 Bf4 33. Kf3
Bc1 34. b3 Kg7 35. d4 Kf6 36. Rd6+ Kxf5 37. Rxc6 f6 38. c4 Bb2 39. d5 Bd4 40.
b4 Re8 41. a4 Re3+ 42. Kg2 Rb3 43. b5 Rb4 44. a5 Ra4 45. a6 Ra3 46. Rc7 Rc3 47.
Rc6 Bb6 48. Rc8 Bd4 49. Rc6 1/2-1/2

[Event "Kupferdreh- Bochum 3"]
[Site "?"]
[Date "2023.04.16"]
[Round "7.5"]
[White "Czarnetzki, Lori"]
[Black "Zagrabski, Kevin"]
[Result "1-0"]
[WhiteElo "1767"]
[BlackElo "1949"]
[PlyCount "49"]
[SourceDate "2022.10.02"]

1. d4 g6 2. c4 Bg7 3. Nf3 d6 4. Nc3 Nc6 5. d5 Ne5 6. Nxe5 Bxe5 7. e4 c6 8. Be3
Bg7 9. Bd3 Nf6 10. Qd2 Ng4 11. Bf4 e5 12. dxe6 Bxe6 13. b3 Qe7 14. O-O Rd8 15.
Rae1 O-O 16. Bc2 Be5 17. h3 Bxf4 18. Qxf4 Ne5 19. Qg3 f6 20. f4 Nd7 21. f5 Bf7
22. fxg6 hxg6 23. Nd1 Kg7 24. Ne3 Ne5 25. Nf5+ 1-0

[Event "Kupferdreh- Bochum 3"]
[Site "?"]
[Date "2023.04.16"]
[Round "7.7"]
[White "Hartenberg, Yannick"]
[Black "Leonov, Artem"]
[Result "1/2-1/2"]
[WhiteElo "1659"]
[BlackElo "1622"]
[PlyCount "56"]
[SourceDate "2022.10.02"]

1. e4 g6 2. d4 Bg7 3. Nf3 d6 4. Be3 Nc6 5. Bc4 e5 6. d5 Nce7 7. Nc3 h6 8. Nd2
f5 9. f4 fxe4 10. Ndxe4 Nf5 11. Bd2 Qh4+ 12. g3 Nxg3 13. Nxg3 exf4 14. Qe2+ Ne7
15. Bb5+ Bd7 16. Bxd7+ Kxd7 17. Qb5+ Kc8 18. Qc4 g5 19. Nb5 Nxd5 20. Nxd6+ Kd7
21. Ndf5 Rhe8+ 22. Kd1 Qg4+ 23. Kc1 Qf3 24. Rf1 Qg2 25. Ne4 Bxb2+ 26. Kxb2 Qxe4
27. Qxe4 Rxe4 28. Rad1 Kc6 1/2-1/2

[Event "Kupferdreh- Bochum 3"]
[Site "?"]
[Date "2023.04.16"]
[Round "7.8"]
[White "Bendel, Ruediger"]
[Black "Fresen, Hans- Juergen"]
[Result "1-0"]
[WhiteElo "1962"]
[BlackElo "1814"]
[PlyCount "147"]
[SourceDate "2022.10.02"]

1. e4 e5 2. Bc4 Nf6 3. d4 exd4 4. Nf3 Bb4+ 5. c3 Ba5 6. e5 d5 7. Bb5+ c6 8.
exf6 cxb5 9. Bg5 g6 10. Qxd4 Nc6 11. Qe3+ Be6 12. O-O h6 13. Bxh6 Qxf6 14. Bg5
Qf5 15. Na3 a6 16. Nb1 Bc7 17. Re1 Kd7 18. Nbd2 Rae8 19. Nb3 Kc8 20. Nh4 Qg4
21. f3 Qh5 22. Bf6 Rh7 23. g4 Qh6 24. Qxh6 Rxh6 25. Re2 Bd8 26. Bxd8 Rxd8 27.
Ng2 d4 28. Nc5 Bc4 29. Rd2 dxc3 30. Rxd8+ Nxd8 31. bxc3 Ne6 32. Ne4 Kc7 33. Ne3
Bd3 34. Nd5+ Kb8 35. Ndf6 Rh8 36. Rd1 Be2 37. Rd7 Bxf3 38. Rxf7 Bxe4 39. Nxe4
Rd8 40. Rf6 Nf8 41. Kf2 Kc7 42. h4 Kd7 43. Rd6+ Ke7 44. Rxd8 Kxd8 45. Nc5 Kc7
46. Ke3 Kc6 47. Kd4 a5 48. h5 gxh5 49. gxh5 b6 50. Ne4 Nh7 51. Ke5 b4 52. cxb4
axb4 53. Ke6 b5 54. Kf7 Kd5 55. Nf6+ Nxf6 56. Kxf6 Kc4 57. Ke6 b3 58. axb3+
Kxb3 59. h6 b4 60. h7 Kc2 61. h8=Q b3 62. Qh2+ Kc1 63. Qg1+ Kc2 64. Qf2+ Kc1
65. Qe3+ Kc2 66. Qe2+ Kc3 67. Kd5 b2 68. Qc4+ Kd2 69. Qb3 Kc1 70. Qc3+ Kb1 71.
Kc4 Ka2 72. Qa5+ Kb1 73. Kb3 Kc1 74. Qe1# 1-0

[Event "FS Dortmund 1 - SV Rochade Eving 1"]
[Site "Verbandsklasse, Gr. 3 2022/20"]
[Date "2023.04.16"]
[Round "7.1"]
[White "Sprungala, Erik"]
[Black "Khess, Igor"]
[Result "0-1"]
[WhiteElo "1914"]
[BlackElo "1989"]
[PlyCount "108"]
[EventDate "2023.??.??"]
[SourceDate "2022.10.02"]
[WhiteTeam "SV Rochade Eving 1"]
[BlackTeam "FS Dortmund 1"]

1. d4 b6 2. e4 Bb7 3. Bd3 e6 4. Nf3 d6 5. O-O Nd7 6. Qe2 g6 7. b4 Bg7 8. Nbd2
Ne7 9. a4 a5 10. b5 O-O 11. Ba3 e5 12. c3 h6 13. Nc4 f5 14. exf5 Nxf5 15. dxe5
Re8 16. Nd4 Nxe5 17. Nxe5 Rxe5 18. Qg4 Nxd4 19. cxd4 Qg5 20. Qxg5 Rxg5 21. g3
Bxd4 22. Rae1 Kf7 23. Bc4+ Bd5 24. Bxd5+ Rxd5 25. Rd1 Ke6 26. Bc1 h5 27. Kg2
Bc3 28. Be3 Rxd1 29. Rxd1 Bb4 30. h4 Rf8 31. f3 Rf7 32. Bg5 Rf5 33. g4 Rc5 34.
Rd3 Rc3 35. Rd2 Rc5 36. Rd3 Re5 37. Kg3 Kd7 38. Rd4 c5 39. bxc6+ Kxc6 40. gxh5
gxh5 41. Kf4 b5 42. axb5+ Rxb5 43. Ke4 a4 44. Rc4+ Kd7 45. Rc2 a3 46. Bf6 Ke6
47. Bd4 Be1 48. Ra2 Ra5 49. Be3 Bxh4 50. Bc1 Be7 51. Kd3 d5 52. Kc2 Kf5 53. Kb3
h4 54. Re2 a2 0-1

[Event "FS Dortmund 1 - SV Rochade Eving 1"]
[Site "Verbandsklasse, Gr. 3 2022/20"]
[Date "2023.04.16"]
[Round "7.2"]
[White "Mewes, Karsten"]
[Black "Michalek, Franz"]
[Result "0-1"]
[WhiteElo "1954"]
[BlackElo "1896"]
[PlyCount "124"]
[EventDate "2023.??.??"]
[SourceDate "2022.10.02"]
[WhiteTeam "FS Dortmund 1"]
[BlackTeam "SV Rochade Eving 1"]

1. Nf3 Nf6 2. c4 g6 3. Nc3 Bg7 4. e4 d6 5. d4 Nc6 6. Be2 O-O 7. O-O Bg4 8. Be3
Bxf3 9. Bxf3 e5 10. d5 Ne7 11. g3 Nd7 12. Bg2 f5 13. f3 f4 14. Bf2 g5 15. Bh3
Rf6 16. Be6+ Kh8 17. b4 Nf8 18. Bg4 a6 19. c5 Qe8 20. cxd6 cxd6 21. Qd3 Qg6 22.
Rac1 h5 23. Bf5 Nxf5 24. exf5 Rxf5 25. Ne4 Rf7 26. Kh1 Nh7 27. gxf4 Rxf4 28.
Be3 Rf7 29. Rc3 Kg8 30. Nxg5 Qxd3 31. Rxd3 Nxg5 32. Bxg5 Rc8 33. Rc1 Rxc1+ 34.
Bxc1 Rc7 35. Bg5 Kf7 36. Kg2 Kg6 37. h4 Kf5 38. Kg3 Bf8 39. b5 axb5 40. Be3 b4
41. Rb3 Rc4 42. Bb6 Rc2 43. Rxb4 Bh6 44. Bg1 Bf4+ 45. Kh3 Rxa2 46. Rxb7 Rd2 47.
Rb5 e4 48. fxe4+ Kxe4 49. Rb4+ Kf5 50. Rb8 Rd3+ 51. Kg2 Rxd5 52. Rf8+ Ke4 53.
Re8+ Be5 54. Bb6 Rd2+ 55. Kf1 Kf3 56. Rf8+ Kg4 57. Bd8 Bg3 58. Rg8+ Kh3 59. Rg5
Rf2+ 60. Kg1 Rf8 61. Ba5 Bh2+ 62. Kh1 Rf1+ 0-1

[Event "FS Dortmund 1 - SV Rochade Eving 1"]
[Site "Verbandsklasse, Gr. 3 2022/20"]
[Date "2023.04.16"]
[Round "7.3"]
[White "Krause, Dieter"]
[Black "Schulz, Oliver"]
[Result "1/2-1/2"]
[WhiteElo "1864"]
[BlackElo "1922"]
[PlyCount "94"]
[EventDate "2023.??.??"]
[SourceDate "2022.10.02"]
[WhiteTeam "SV Rochade Eving 1"]
[BlackTeam "FS Dortmund 1"]

1. Nf3 Nf6 2. c4 e6 3. Nc3 Bb4 4. Qc2 d5 5. a3 Be7 6. d4 O-O 7. Bg5 h6 8. Bxf6
Bxf6 9. e3 b6 10. cxd5 exd5 11. b4 c5 12. Be2 Nc6 13. Bb5 Qd6 14. Bxc6 Qxc6 15.
Ne2 Bg4 16. h3 Bh5 17. Nf4 Bxf3 18. gxf3 Qd6 19. bxc5 bxc5 20. dxc5 Rac8 21.
Rc1 Qe5 22. Ne2 Be7 23. f4 Qh5 24. Ng3 Qf3 25. Qe2 Qxe2+ 26. Kxe2 Bxc5 27. a4
d4 28. e4 d3+ 29. Kxd3 Bxf2 30. Nf5 Bc5 31. Rc4 Rfd8+ 32. Ke2 Ba3 33. Ne3 a5
34. Rd1 Bb4 35. Rxd8+ Rxd8 36. Nd5 Rb8 37. Kd1 Ba3 38. Rc3 Bb4 39. Rb3 Kf8 40.
Nxb4 axb4 41. Kd2 g5 42. fxg5 hxg5 43. Kd3 Ke7 44. Kc4 Ke6 45. Rxb4 Rc8+ 46.
Kd4 Rd8+ 47. Kc5 Rc8+ 1/2-1/2

[Event "FS Dortmund 1 - SV Rochade Eving 1"]
[Site "Verbandsklasse, Gr. 3 2022/20"]
[Date "2023.04.16"]
[Round "7.4"]
[White "BrendemÃ¼hl, Bernd"]
[Black "Pahne, Dirk"]
[Result "1/2-1/2"]
[WhiteElo "1939"]
[BlackElo "1907"]
[PlyCount "30"]
[EventDate "2023.??.??"]
[SourceDate "2022.10.02"]
[WhiteTeam "FS Dortmund 1"]
[BlackTeam "SV Rochade Eving 1"]

1. e4 c5 2. Nf3 g6 3. d4 cxd4 4. Nxd4 Bg7 5. Be3 Nf6 6. Nc3 Nc6 7. Bc4 O-O 8.
f3 Nxd4 9. Bxd4 d6 10. Qd2 Be6 11. Bxe6 fxe6 12. O-O-O Qa5 13. Kb1 Nh5 14. Bxg7
Kxg7 15. Ne2 Qxd2 {(=)} 1/2-1/2

[Event "FS Dortmund 1 - SV Rochade Eving 1"]
[Site "Verbandsklasse, Gr. 3 2022/20"]
[Date "2023.04.16"]
[Round "7.5"]
[White "Krams, Amatus"]
[Black "Grube, JÃ¶rg"]
[Result "0-1"]
[WhiteElo "1733"]
[BlackElo "1825"]
[PlyCount "62"]
[EventDate "2023.??.??"]
[SourceDate "2022.10.02"]
[WhiteTeam "SV Rochade Eving 1"]
[BlackTeam "FS Dortmund 1"]

1. e4 c5 2. d4 cxd4 3. c3 d5 4. cxd4 dxe4 5. Nc3 Nf6 6. Bc4 e6 7. Bf4 Bd6 8.
Bg5 Be7 9. Nge2 Nc6 10. O-O O-O 11. a3 a6 12. Bxf6 Bxf6 13. d5 exd5 14. Bxd5
Bg4 15. Qb3 Qe7 16. Ng3 e3 17. f3 Be6 18. Bxe6 Qxe6 19. Qxe6 fxe6 20. Nge4 Bd4
21. Rfe1 Rad8 22. Rab1 {(=)} h6 23. Kf1 Ba7 24. Rbd1 Ne5 25. Ke2 Nc4 26. a4
Nxb2 27. Rb1 Nd3 28. Rxb7 Nxe1 29. Rxa7 Nxg2 30. Rxa6 Rb8 31. Rxe6 Nf4+ 0-1

[Event "FS Dortmund 1 - SV Rochade Eving 1"]
[Site "Verbandsklasse, Gr. 3 2022/20"]
[Date "2023.04.16"]
[Round "7.6"]
[White "Schulz-Runge, Michael"]
[Black "Nathe, Nico"]
[Result "1/2-1/2"]
[WhiteElo "1807"]
[BlackElo "1668"]
[PlyCount "75"]
[EventDate "2023.??.??"]
[SourceDate "2022.10.02"]
[WhiteTeam "FS Dortmund 1"]
[BlackTeam "SV Rochade Eving 1"]

1. c4 c6 2. e4 d5 3. exd5 cxd5 4. d4 Nf6 5. Nc3 g6 6. Bg5 Ne4 7. Nxe4 dxe4 8.
Ne2 Bg7 9. Qd2 Nc6 10. d5 Ne5 11. Ng3 f6 12. Bh6 Bxh6 13. Qxh6 Qa5+ 14. Qd2
Qxd2+ 15. Kxd2 f5 16. Be2 Kf7 17. Ke3 b6 18. h4 h5 19. f3 exf3 20. gxf3 Bb7 21.
Rhd1 Rad8 22. b4 b5 23. cxb5 Rxd5 24. Rxd5 Bxd5 25. Kd4 Ke6 26. f4 Nf3+ 27.
Bxf3 Bxf3 28. Ke3 Bd5 29. Ne2 Rc8 30. Rc1 Rxc1 31. Nxc1 Bc4 32. Kd4 Bxb5 33.
Nb3 Kd6 34. Nc5 Be2 35. a4 a6 36. Nb7+ Ke6 37. Nc5+ Kd6 38. Nb7+ {(=)} 1/2-1/2

[Event "FS Dortmund 1 - SV Rochade Eving 1"]
[Site "Verbandsklasse, Gr. 3 2022/20"]
[Date "2023.04.16"]
[Round "7.7"]
[White "Durmus, Ã–zgÃ¼r"]
[Black "SchlÃ¤ger, Reiner"]
[Result "0-1"]
[WhiteElo "1110"]
[BlackElo "1593"]
[PlyCount "90"]
[EventDate "2023.??.??"]
[SourceDate "2022.10.02"]
[WhiteTeam "SV Rochade Eving 1"]
[BlackTeam "FS Dortmund 1"]

1. d4 Nf6 2. Nf3 e6 3. c4 c5 4. d5 exd5 5. cxd5 d6 6. Nc3 g6 7. e4 Nbd7 8. Bf4
Nh5 9. Qd2 Nxf4 10. Qxf4 a6 11. Bc4 b5 12. Bb3 c4 13. Bc2 Qe7 14. O-O Bg7 15.
Rfe1 O-O 16. Rad1 Re8 17. Nd4 Qf8 18. Nc6 Ne5 19. h3 Nxc6 20. dxc6 Re5 21. Qh4
Rh5 22. Qf4 Be5 23. Qd2 g5 24. g4 Bf4 25. Qd5 Rxh3 26. e5 Bxg4 27. Qg2 Bxd1 28.
Rxd1 Rh2 29. Qe4 dxe5 30. Nd5 Qc5 31. Nf6+ Kg7 32. Ng4 Rh4 33. Kf1 Rh8 34. Ne3
Bxe3 35. Qxe3 Qxe3 36. fxe3 Rh1+ 37. Ke2 Rxd1 38. Kxd1 Rc8 39. Be4 h5 40. Ke2
f5 41. Bd5 Kf6 42. Kf3 e4+ 43. Kg3 Ke5 44. Bf7 Rxc6 45. Bxh5 b4 0-1

[Event "Sterkrade 2- Linden"]
[Site "?"]
[Date "2023.04.16"]
[Round "7.1"]
[White "Hahn, Matthias"]
[Black "Kantor, Nikita"]
[Result "1/2-1/2"]
[WhiteElo "2088"]
[BlackElo "1842"]
[Annotator "daniel"]
[PlyCount "67"]
[SourceDate "2022.10.02"]

1. d4 Nf6 2. Nf3 d5 3. c4 e6 4. Nc3 Be7 5. cxd5 exd5 6. Bg5 c6 7. e3 Nbd7 8.
Bd3 h6 9. Bh4 Ne4 10. Bxe7 Qxe7 11. Qc2 Nd6 12. O-O O-O 13. b4 Ne4 14. b5 Nxc3
15. bxc6 bxc6 16. Qxc3 c5 17. dxc5 Nxc5 18. Qd4 Nxd3 $11 19. Qxd3 Be6 20. Rfc1
Rfc8 21. Nd4 Rc4 22. Nxe6 Rxc1+ 23. Rxc1 fxe6 24. Qd4 Rd8 25. f4 Rd7 26. Rc8+
Kf7 27. Qe5 Qf6 28. Qh5+ Ke7 29. Qe8+ Kd6 30. Rc2 Qd8 31. Qh5 Qf6 32. Qe8 Qd8
33. Qg6 Rc7 34. h3 1/2-1/2

[Event "Sterkrade 2- Linden"]
[Site "?"]
[Date "2023.04.16"]
[Round "7.2"]
[White "Labuda, Markus"]
[Black "Boehm, Ingo"]
[Result "1/2-1/2"]
[WhiteElo "2105"]
[BlackElo "2177"]
[PlyCount "89"]
[SourceDate "2022.10.02"]

1. d4 g6 2. Bf4 Bg7 3. e3 d6 4. Nf3 Nf6 5. h3 O-O 6. Be2 Nc6 7. c3 Qe8 8. O-O
e5 9. Bh2 Nd7 10. a4 h6 11. Na3 f5 12. dxe5 dxe5 13. Nb5 Qd8 14. Qd5+ Kh7 15.
Rfd1 a6 16. Na3 Qe7 17. Nc4 Nf6 18. Qd2 Ne4 19. Qc2 Rb8 20. b4 b5 21. axb5 axb5
22. Na5 Nxa5 23. Rxa5 c6 24. Rda1 Rd8 25. Ra7 Rb7 26. Ra8 Rc7 27. Qb2 Nd6 28.
Rc1 c5 29. bxc5 Rxc5 30. Qb4 Ne4 31. Raa1 Qc7 32. c4 Be6 33. Qa5 Qxa5 34. Rxa5
Bxc4 35. Bxc4 Rxc4 36. Rb1 Nc3 37. Rba1 Rc5 38. Ra7 Re8 39. Rb7 Na4 40. Rb1 Nc3
41. Ra1 Kg8 42. Raa7 Bf6 43. Ra6 Ne4 44. g4 Rd5 45. Rab6 1/2-1/2

[Event "Sterkrade 2- Linden"]
[Site "?"]
[Date "2023.04.16"]
[Round "7.4"]
[White "Broß, Horst"]
[Black "Kandyba, Andriy"]
[Result "0-1"]
[WhiteElo "1801"]
[BlackElo "1951"]
[PlyCount "80"]
[SourceDate "2022.10.02"]

1. d4 Nf6 2. Nf3 g6 3. Bg5 Bg7 4. Nbd2 h6 5. Bh4 O-O 6. e4 d5 7. e5 Ne4 8. Bd3
c5 9. Nxe4 dxe4 10. Bxe4 cxd4 11. O-O Nc6 12. Bg3 Bg4 13. Bxc6 bxc6 14. Qxd4
Bxf3 15. Qxd8 Rfxd8 16. gxf3 Rd2 17. Rac1 g5 18. Rfd1 Rad8 19. Rxd2 Rxd2 20.
Kf1 h5 21. h3 h4 22. Bh2 Kh7 23. Ke1 Rd7 24. Rd1 Rxd1+ 25. Kxd1 Kg6 26. Kd2 Kf5
27. b4 Bxe5 28. Bxe5 Kxe5 29. Ke3 Kf5 30. c4 e5 31. a4 Ke6 32. b5 cxb5 33. cxb5
f5 34. a5 Kd6 35. b6 axb6 36. axb6 Kc6 37. Kd3 Kxb6 38. Kc4 g4 39. fxg4 fxg4
40. hxg4 h3 0-1

[Event "Sterkrade 2- Linden"]
[Site "?"]
[Date "2023.04.16"]
[Round "7.5"]
[White "Schmidt, Ralph"]
[Black "Spoden, Kurt"]
[Result "1-0"]
[WhiteElo "1959"]
[BlackElo "1890"]
[Annotator "daniel"]
[PlyCount "91"]
[SourceDate "2022.10.02"]

1. e4 c5 2. Nc3 Nc6 3. d3 d6 4. Be3 g6 5. d4 cxd4 6. Bxd4 Nf6 7. Bxf6 exf6 8.
Bd3 a6 9. Nge2 Bg7 10. Qd2 O-O 11. O-O Ne5 12. Rad1 Be6 13. Nf4 Qa5 14. Ncd5
Qxd2 15. Rxd2 Bh6 16. Rdd1 Bxf4 17. Nxf4 Nxd3 18. Nxd3 Rac8 19. Rd2 Rc4 20. f3
Rfc8 21. c3 R4c7 22. Nb4 Rd8 23. Rfd1 Rcd7 24. b3 Kf8 $11 25. Kf2 Ke7 26. h3
Rc8 27. c4 b5 28. cxb5 axb5 29. f4 Rdd8 30. g4 f5 31. exf5 gxf5 32. gxf5 Bxf5
33. Rd5 Bxh3 34. Rxb5 Bg4 35. Nd5+ Kf8 36. Rd2 Rc5 37. Rb6 Be6 38. Nf6 Kg7 39.
Rbxd6 Rxd6 40. Ne8+ Kg6 41. Nxd6 h5 42. b4 Rc1 43. Rb2 Rd1 44. f5+ Bxf5 45.
Nxf5 Kxf5 46. b5 1-0

[Event "Sterkrade 2- Linden"]
[Site "?"]
[Date "2023.04.16"]
[Round "7.6"]
[White "Wachsmuth, Guenter"]
[Black "Hochstein, Udo"]
[Result "0-1"]
[WhiteElo "1655"]
[BlackElo "2013"]
[PlyCount "50"]
[SourceDate "2022.10.02"]

1. e4 c5 2. f4 d6 3. Nf3 Nc6 4. Bb5 Qb6 5. Nc3 Nf6 6. Qe2 Bd7 7. e5 dxe5 8.
fxe5 Ng4 9. Nd5 Qa5 10. c3 e6 11. b4 cxb4 12. cxb4 Bxb4 13. Nxb4 Qxb4 14. a4
Rd8 15. Ba3 Qf4 16. g3 Qf5 17. d4 Nh6 18. O-O Qg4 19. Rad1 Ne7 20. Bxe7 Kxe7
21. d5 exd5 22. Rd4 Qe6 23. Ng5 Qb6 24. Qb2 Bxb5 25. Qxb5 Qxd4+ 0-1

[Event "Sterkrade 2- Linden"]
[Site "?"]
[Date "2023.04.16"]
[Round "7.7"]
[White "Pappert, Thomas"]
[Black "Neugebauer, Philipp"]
[Result "0-1"]
[WhiteElo "1803"]
[BlackElo "1953"]
[Annotator "daniel"]
[PlyCount "92"]
[SourceDate "2022.10.02"]

1. c4 c5 2. Nc3 Nc6 3. g3 g6 4. Bg2 Bg7 5. e3 d6 6. Nge2 e5 7. f4 Nge7 8. O-O
Be6 9. b3 O-O 10. Bb2 Rb8 11. Nd5 Qd7 12. Nec3 Bh3 13. Qf3 Bxg2 14. Kxg2 f5 15.
fxe5 dxe5 16. Qe2 e4 17. Rab1 Nxd5 18. Nxd5 Bxb2 19. Rxb2 Ne5 20. Rc2 Nd3 21.
Rc3 Qe6 $11 22. Qd1 Rbd8 23. a3 Rd7 24. Qa1 b5 25. Rc2 bxc4 26. bxc4 Rb7 27.
Rb1 Rfb8 28. Rxb7 Rxb7 29. Nf4 Nxf4+ 30. gxf4 Qd6 31. Qc3 Rd7 32. Kf2 Qe7 33.
Kg3 g5 34. Kf2 gxf4 35. exf4 Rd3 36. Qa1 Qh4+ 37. Kg1 Qg4+ 38. Kh1 Qf3+ 39. Kg1
Qxf4 40. Qe1 Qg4+ 41. Kh1 e3 42. Rb2 Qe4+ 43. Kg1 exd2 44. Rb8+ Kf7 45. Rb7+
Qxb7 46. Qd1 Qb1 0-1

[Event "Sterkrade 2- Linden"]
[Site "?"]
[Date "2023.04.16"]
[Round "7.8"]
[White "Bonatis, Reiner"]
[Black "Knackstedt, Ulf"]
[Result "1/2-1/2"]
[WhiteElo "1634"]
[BlackElo "1753"]
[PlyCount "88"]
[SourceDate "2022.10.02"]

1. Nf3 Nf6 2. c4 d6 3. Nc3 Nc6 4. g3 Bg4 5. Bg2 e5 6. d4 Bxf3 7. Bxf3 Nxd4 8.
Bxb7 Rb8 9. Bg2 Qd7 10. e3 Ne6 11. O-O Be7 12. b3 O-O 13. Bb2 Nc5 14. Qc2 h5
15. h3 Nh7 16. Kh2 f5 17. f4 e4 18. Rad1 Nf6 19. Ne2 Nd3 20. Ba1 c5 21. Nc1 Nb4
22. Qd2 Qe6 23. Rf2 Rfd8 24. Bf1 a5 25. a3 Nc6 26. Bc3 Ra8 27. Qc2 Ra7 28. Rfd2
Ne8 29. Na2 Rb7 30. Be2 Rdb8 31. Rb1 Qg6 32. Qd1 Nf6 33. Rdb2 Qf7 34. Rd2 g6
35. Bf1 Ne8 36. Kg2 Bf6 37. Qc2 Qg7 38. Bxf6 Qxf6 39. Nc3 Nc7 40. Be2 Ne7 41.
Na4 Kf7 42. Qd1 Ne8 43. Qc2 Ng7 44. Qd1 Ne8 1/2-1/2

[Event "SF Werden 2 - SC Gerthe-Werne 1"]
[Site "?"]
[Date "2023.04.16"]
[Round "6"]
[White "Quast, Marcel"]
[Black "Gockel, Mirco"]
[Result "1/2-1/2"]
[WhiteElo "2226"]
[BlackElo "1952"]
[PlyCount "34"]
[EventDate "2023.??.??"]
[SourceDate "2022.10.02"]

1. e4 e5 2. Nf3 Nc6 3. Bc4 Bc5 4. b4 Bxb4 5. c3 Ba5 6. d4 d6 7. Qb3 Qd7 8. dxe5
Bb6 9. Nbd2 Na5 10. Qc2 Nxc4 11. Nxc4 Qc6 12. Ne3 Ne7 13. O-O O-O 14. exd6 cxd6
15. Rd1 Bxe3 16. Bxe3 Bg4 17. Bf4 d5 1/2-1/2